01748nas a2200241Ia 4500001001100000003001000011008004100021040002500062041001300087100001900100210002500119222002500144245012500169250001100294260004700305300001100352310001500363362003500378500047500413501011400888520047501002650002901477R200-R1691IT-CnALBA170116c99999999xx |||||||||||| ||und|| aIT-CnALBAcIT-CnALBA aITALIANO aFUSCO VITTORIO aRASSEGNA DI TEOLOGIA aRASSEGNA DI TEOLOGIA 0aRASSEGNA DI TEOLOGIA. N. VI. ANNO XXV. NOVEMBRE DICEMBRE 1984 RIVISTA PER UN AGGIORNAMENTO CRISTIANO TEORICO E PRATICO.  a1a ed. aROMAbAVE, ANONIMA VERITA'S EDITRICEc1984 a95 p.  aBIMESTRALE aFascicolo: 6 / Anno: 25 (1984) aMIRACOLI DI GESÙ IN MARCO. INTER MIRIFICA, DECRETO SULLA COMUNICAZIONE SOCIALE. EUTANASIA ARBITRIO DELLA RAGIONE. RELIGIONE E RAZIONALITÀ POLITICA IN GRAMSCI. PERSECUZIONE NELLA CHIESA. RIPENSAMENTO DELLA TEOLOGIA. CONVEGNO ATI, ATTIVITÀ TEOLOGICA ITALIANA, CARITÀ FEDE TEOLOGIA. RELAZIONE SUL PROGETTO ATI. SEMINARIO CARITAS ITALIANA. RECENSIONI. LIBRI IN VISIONE. INDICE DELL'ANNATA 1984. FUSCO V. MILLS J. O. GIUNCHEDI F. IANNSSENS J. NARDONE G. BASTIANON E.  aSocietà San Paolo EM - Piazza San Paolo, 14 - 12051 ALBA (CN) (non commercial uses only) ® Copyright 2017 aMIRACOLI DI GESÙ IN MARCO. INTER MIRIFICA, DECRETO SULLA COMUNICAZIONE SOCIALE. EUTANASIA ARBITRIO DELLA RAGIONE. RELIGIONE E RAZIONALITÀ POLITICA IN GRAMSCI. PERSECUZIONE NELLA CHIESA. RIPENSAMENTO DELLA TEOLOGIA. CONVEGNO ATI, ATTIVITÀ TEOLOGICA ITALIANA, CARITÀ FEDE TEOLOGIA. RELAZIONE SUL PROGETTO ATI. SEMINARIO CARITAS ITALIANA. RECENSIONI. LIBRI IN VISIONE. INDICE DELL'ANNATA 1984. FUSCO V. MILLS J. O. GIUNCHEDI F. IANNSSENS J. NARDONE G. BASTIANON E.  aTEOLOGIA - SCIENZE UMANE